ਅਰਸ਼ ਉਡਾਰੀ : (Record no. 110197)

MARC details
000 -LEADER
fixed length control field 01016nam a22002537a 4500
005 - DATE AND TIME OF LATEST TRANSACTION
control field 20170123164149.0
010 ## - LIBRARY OF CONGRESS CONTROL NUMBER
LC control number B-029053
020 ## - INTERNATIONAL STANDARD BOOK NUMBER
Terms of availability 100.00
035 ## - SYSTEM CONTROL NUMBER
System control number B-029053
037 ## - SOURCE OF ACQUISITION
Source of stock number/acquisition Cen Lib/Ret
040 ## - CATALOGING SOURCE
Original cataloging agency DPL
Language of cataloging PN
082 ## - DEWEY DECIMAL CLASSIFICATION NUMBER
Classification number 851
Item number ਪ੍ਰੀਤਮ
100 ## - MAIN ENTRY--PERSONAL NAME
Personal name ਪ੍ਰੀਤਮ ਸਿੰਘ ਅਰਸ਼ੀ
9 (RLIN) 124575
245 ## - TITLE STATEMENT
Title ਅਰਸ਼ ਉਡਾਰੀ :
Statement of responsibility, etc ਗੁਰਚਰਨ ਰਾਮਪੁਰੀ
Remainder of title ਧਾਰਮਰ ਕਾਵਿ ਸੰਗੁਹਿ /
246 ## - VARYING FORM OF TITLE
Title proper/short title Arsh udari : religious poetry/
Remainder of title by Pritam Singh Arshi
260 ## - PUBLICATION, DISTRIBUTION, ETC. (IMPRINT)
Place of publication, distribution, etc ਦਿਲੀ
Name of publisher, distributor, etc ਔਚ.ਕੇ. ਪ੍ਰਕਾਸ਼ਨ
Date of publication, distribution, etc 2000
270 ## - ADDRESS
Address 16/16, 1st floor , ਗੀਤਾ ਕਾਲੋਨੀ
City ਦਿਲੀ
Postal code 110031
300 ## - PHYSICAL DESCRIPTION
Extent 96p.
Dimensions 22cm(Hb)
650 ## - SUBJECT ADDED ENTRY--TOPICAL TERM
Topical term or geographic name as entry element ਸਾਹਿਤ--ਪੰਜਾਬੀ
9 (RLIN) 124576
650 ## - SUBJECT ADDED ENTRY--TOPICAL TERM
Topical term or geographic name as entry element ਪੰਜਾਬੀ -- ਕਵਿਤਾਆਂ
9 (RLIN) 124577
650 ## - SUBJECT ADDED ENTRY--TOPICAL TERM
Topical term or geographic name as entry element Literature--Punjabi
9 (RLIN) 124578
650 ## - SUBJECT ADDED ENTRY--TOPICAL TERM
Topical term or geographic name as entry element Punjabi -- Poetry
9 (RLIN) 124579
942 ## - ADDED ENTRY ELEMENTS (KOHA)
Source of classification or shelving scheme Dewey Decimal Classification
Koha item type Punjabi Bks
Classification part 851
Call number suffix ਪ੍ਰੀਤਮ
Holdings
Withdrawn status Lost status Damaged status Not for loan Home library Current library Date acquired Source of acquisition Cost, normal purchase price Total Checkouts Full call number Barcode Date last seen Copy number Cost, replacement price Price effective from Koha item type
        Central Library Central Library 15/01/2016 Cen Lib/Ret 100.00   851 ਪ੍ਰੀਤਮ B-029053 15/01/2016 1 100.00 15/01/2016 Punjabi Bks

© Delhi Public Library
Hit Counter
free hit counter